| 000 | 00539nam a2200181 a 4500 | ||
|---|---|---|---|
| 001 | 000037139 | ||
| 005 | 20200930080151.0 | ||
| 008 | 120216s1964 sp 000 0 spa d | ||
| 040 |
_aDO-SdBNP _bspa _cBNPHU |
||
| 082 |
_axxxx _bE33c |
||
| 100 | 1 |
_aEhrenburg, Ilia, _d1891- _963542 |
|
| 240 | 1 | 0 | _aprotochnom pereulke |
| 245 | 1 | 4 |
_aUna calle de Moscú. / _cIlia Ehrenburg; traducción y prólogo Mariano Tudela. |
| 260 |
_aBarcelona : _bEditorial AHR, _c1964. |
||
| 300 |
_a254 p. ; _c18 p. |
||
| 490 | 1 | _aAl año | |
| 830 | 0 |
_aAl año _963543 |
|
| 999 |
_c36629 _d36629 |
||